Deseño curricular base: educación infantil
I tiakina i:
| Kaituhi rangatōpū: | |
|---|---|
| Hōputu: | Pukapuka |
| Reo: | Karīhia |
| I whakaputaina: |
Santiago de Compostela
Grafinova
1992
|
| Ngā marau: | |
| Ngā Tūtohu: |
Tāpirihia he Tūtohu
Kāore He Tūtohu, Me noho koe te mea tuatahi ki te tūtohu i tēnei pūkete!
|
MARC
| LEADER | 00000nam a2200000 a 4500 | ||
|---|---|---|---|
| 001 | UCQ5115 | ||
| 003 | CL-VaPUC | ||
| 008 | 980925e19920000SP |||||||||||||||||glg|d | ||
| 082 | 0 | 4 | |a 372.19 |b XUN |2 21 |
| 110 | 2 | |a Xunta de Galicia |e author |9 419280 | |
| 245 | 1 | 0 | |a Deseño curricular base: educación infantil |
| 300 | |a 191 p | ||
| 942 | |c BK | ||
| 945 | |d 19980925 00:00:00 |a mvenant | ||
| 260 | |a Santiago de Compostela |b Grafinova |c 1992 | ||
| 650 | 0 | |a Educación básica |9 224933 | |
| 650 | 7 | |a SISTEMA EDUCACIONAL |2 CL-VaPUC |9 339433 | |
| 650 | 0 | |a Planificación del currículo |9 269599 | |
| 651 | 7 | |a GALICIA |2 CL-VaPUC |9 319581 | |
| 651 | 0 | |a España |9 254926 | |
| 583 | |a last modification |c 20160914 10:04:00 |k Rodrigo Vera | ||
| 999 | |c 275334 |d 275332 | ||
| 952 | |0 0 |1 0 |4 0 |6 372_190000000000000_XUN_1992 |7 0 |8 P |9 312064 |a BIBEDU |b BIBEDU |c BIBEDU_PB |d 2019-11-20 |i 3464903 |o 372.19 XUN 1992 |p 3464903 |r 2024-01-25 |w 2019-11-20 |y BK |k BME | ||